000 00539nam a2200193 a 4500
001 761
003 CO-ViMGA
008 141112s2004 ck r 000 u spa d
040 _aCO-ViMGA
_bspa
_cCO-ViMGA
082 0 4 _aPe863.3 P155t
100 1 _aPalma, Ricardo
_948640
245 1 0 _aTradiciones peruanas
260 _aSantafé de Bogotá :
_bNorma,
_c1993
300 _a237, 53 p
490 _aCara y cruz
500 _aEncuadernado con A propósito de Ricardo Palma y su obra.
650 1 4 _aCUENTOS PERUANOS
_948641
942 _2ddc
_cBK
999 _c12998
_d12998